000 00701nam a2200229 i 4500
001 147206
003 ES-MaACL
005 20250727024451.0
007 t|
008 070924s1973 sp a |||| | spa d
020 _a84-336-0038-9
080 _a572(02)
100 1 _aTylor, Edward B.
_9111807
245 1 0 _aAntropología /
_cEdward B. Tylor ; [traducción: Antonio Machado y Álvarez].
260 _aMadrid :
_bAyuso,
_c[1973]
300 _aXVI, 529 p. :
_bil. ;
_c21 cm.
650 7 _aAntropología física
_2embne
_99893
650 1 4 _aCivilización.
_911079
700 1 _aMachado y Álvarez, Antonio,
_d1848-1892
_975172
852 _aES-MaACL
_jC-52078
999 _c147206
_d147206